<The> Current Challenges of Property Valuation: The Case of Sweden

Odhadovanie pri oceňovaní nehnuteľností v praxi. Používané metódy vzhľadom na aktuálnu situáciu na trhu s nehnuteľnosťami a dostupnými informáciami o vplyve makroekonomických a demografických faktorov. Stanovenie objektívnej hodnoty nehnuteľnosti v rôznych prípadoch (kúpa a predaj, daňové účely, hyp...

Descrizione completa

Salvato in:
Dettagli Bibliografici
Autore principale: Kmety Barteková, Mária, 1992-
Altri autori: Kubica, Milan, 1958-
Natura: Capitolo di libro
Lingua:inglese
Soggetti:
Tags: Aggiungi Tag
Nessun Tag, puoi essere il primo ad aggiungerne!!

MARC

LEADER 00000naa$a2200000$$$4500
001 0272915
005 20240502074313.9
041 0 |a eng 
044 |a SK 
245 1 0 |a <The> Current Challenges of Property Valuation: The Case of Sweden  |c Mária Kmety Barteková, Milan Kubica 
520 |a Odhadovanie pri oceňovaní nehnuteľností v praxi. Používané metódy vzhľadom na aktuálnu situáciu na trhu s nehnuteľnosťami a dostupnými informáciami o vplyve makroekonomických a demografických faktorov. Stanovenie objektívnej hodnoty nehnuteľnosti v rôznych prípadoch (kúpa a predaj, daňové účely, hypotekárne pôžičky a iné). Analýza relevantnosti metód oceňovania nehnuteľností používaných vo Švédsku vzhľadom na turbulentnú situáciu na trhu nehnuteľností. Pomer ceny nehnuteľnosti k príjmu vo Švédsku za obdobie 2018 – 2020. Prípadné vplyvy pandémie ochorenia COVID‑19 spôsobeného novým koronavírusom. 
610 2 0 |a hodnota nehnuteľností 
610 2 0 |a cena nehnuteľností 
610 2 0 |a obchod s nehnuteľnosťami 
610 2 0 |a metódy ohodnocovania 
610 2 0 |a ohodnocovanie 
610 2 0 |a oceňovanie 
610 2 0 |a ukazovatele demografické 
610 2 0 |a ukazovatele makroekonomické 
610 2 0 |a Švédsko 
100 1 |a Kmety Barteková, Mária, 1992- 
700 1 |a Kubica, Milan, 1958-